000 00674nam a2200229 a 4500
001 52547
003 BD-RjUL
005 20211209075827.0
008 160921s1970 i ||||| |||| 00| 0 eng d
035 _a(BD-RjUL)52667
040 _aBD-RjUL
_beng
_cBD-RjUL
041 _aeng
082 _223
_a341
_bMUI 1970
100 1 _aMukherjee, Sobhanlal
_9157120
245 1 0 _aInternational law :
_ba commentary /
_cSobhanlal Mukherjee.
260 _aCalcutta :
_bA. Mukherjee & Company Limited,
_c1970
300 _aV. ;
_c24 cm.
500 _aIncludes Index
505 0 _aVol. 2 History and Law of the United Nations --
650 _aInternational law
_9157121
942 _2ddc
_cBK
999 _c52547
_d52547